Süper Lig Tarihinde En Fazla Futbolcuya Sahip Ülkeler - Statistics

General Stats
  • This quiz has been taken 63 times
  • The average score is 12 of 20
Answer Stats
Oyuncu
Sayısı
Ülke % Correct
127 Almanya
93%
346 Brezilya
92%
84 Fransa
92%
69 Arjantin
76%
105 Nijerya
75%
92 Portekiz
71%
51 Hollanda
69%
50 Fas
63%
84 Romanya
63%
81 Senegal
63%
128 Sırbistan
63%
132 Bosna-Hersek
61%
60 Bulgaristan
54%
61 Hırvatistan
51%
83 Gana
47%
80 Kamerun
47%
68 Fildişi Sahili
42%
61 Çek Cumhuriyeti
41%
70 Polonya
37%
57 Demokratik Kongo
20%
No matching quizzes found
Score Distribution
Percent of People with Each Score
Percentile by Number Answered
Your Score History
You have not taken this quiz